000 00597nam a2200193 4500
003 LK-CoMWRAF
005 20231109135810.0
008 230827b1976 |||||||| |||| 00| 0 eng d
020 _a013878585
040 _aLK-CoMWRAF
_dLK-CoMWRAF
_eLK-CoMWRAF
041 _aeng
082 _a301.29
_bSCH
100 _aSchieffelin, Edward L
245 _aThe Sorrow of the lonely and the burning of the dancers
260 _aNew York :
_bSt. Martin's Press,
_c1976
300 _aviii, 243 p. : ill. ; 21 cm.
_bBibliography and index included
650 _aBOSAVI (Papua New Guinean people)
942 _cBK
999 _c3285
_d3285